Catalog

Record Details

Catalog Search



Duch ruské církve  Cover Image Book Book

Duch ruské církve / Valerij S. Vilinský

Record details

  • Physical Description: 424 s.
  • Publisher: Praha Ladislav Kuncíř 1930

Available copies

  • 1 of 1 copy available at Common Catalog SPOK.

Holds

  • 0 current holds with 1 total copy.
Show All Copies
Location Call Number / Copy Notes Barcode Shelving Location Status Due Date
ETS Library 274.7 424470009543 Volný výběr Available -

LDR 00588nam a2 00229
00135194
003CZ-PrJAB
00520010524000000.0
008010524s1930 xr e |||| |cze
009cz
035 . ‡a(CONS)2190
035 . ‡aKPS8694
040 . ‡aABG450
041 . ‡acze
08214. ‡a274.7
100 . ‡73212 ‡aVilinský, Valerij S.
245 . ‡aDuch ruské církve / ‡cValerij S. Vilinský
260 . ‡aPraha ‡bLadislav Kuncíř ‡c1930
300 . ‡a424 s.
653 . ‡aDuch ruské církve
8524 . ‡bETS ‡bETS ‡cVolný výběr ‡j274.7 ‡gA ‡p424470009543
910 . ‡aABG450
999 . ‡a2190 ‡bAUTOGEN ‡c2190 ‡tbiblio
905 . ‡uadmin
901 . ‡a35194 ‡b ‡c35194 ‡tbiblio ‡sets

Additional Resources